00931 2200265 4500001002100000005001500021035002000036007000300056008004100059020002200100082001300122084002200135100002400157245005700181250003100238300002900269650002000298700002400318520020200342264003100544336002100575337003000596338002300626990001600649INLIS00000000116397320240521014252 a0010-0524000040ta240521 g f ind  a978-623-5266-46-6 a899.2213 aSR 899.2213 VAL o0 aValentina Madihanto1 aOur home /cValentina Madihanto; penyunting, Akmalia aCetakan pertama, Juli 2023 aiv, 376 halaman ;c19 cm 4aFiksi Indonesia0 aAkmaliaepenyunting aAda banyak trauma dan kenangan pahit yang masih terus menghantui. Apakah mereka yang ditinggalkan akan tetap bertahan dan berjuang? Atau malah kalah dengan rasa sesak yang terus-menerus menghantam? aDepok :bRain books,c2023 2rdacontentaTeks 2rdamediaaTanpa perantara 2rdacarrieraVolume a52936.65756